Atlanta Hawks 2020s Top 10 Leaders - Statistics

General Stats
  • This quiz has been taken 218 times
    8 since last reset
  • The average score is 7 of 12
Answer Stats
Player % Correct
Clint Capela
100%
Trae Young
100%
Dyson Daniels
75%
Jalen Johnson
75%
Onyeka Okongwu
63%
De'Andre Hunter
50%
John Collins
50%
Kevin Huerter
50%
Bogdan Bogdanović
38%
Dejounte Murray
38%
Zaccharie Risacher
38%
Mouhamed Gueye
13%
No matching quizzes found
Score Distribution
Percent of People with Each Score
Percentile by Number Answered
Your Score History
You have not taken this quiz since the last reset